<?xml version="1.0" encoding="UTF-8"?>
<marc:record xmlns:marc="http://www.loc.gov/MARC21/slim">
   <marc:leader>00000nam a2200000 a 4500</marc:leader>
   <marc:datafield ind1="0" ind2="0" tag="245">
      <marc:subfield code="a">Als Hitler das rosa Kaninchen stahl</marc:subfield>
   </marc:datafield>
   <marc:datafield ind1=" " ind2="1" tag="264">
      <marc:subfield code="a">Hamburg</marc:subfield>
      <marc:subfield code="b">Warner Bros. Home Entertainment</marc:subfield>
      <marc:subfield code="c">2020</marc:subfield>
   </marc:datafield>
   <marc:datafield ind1="1" ind2=" " tag="520">
      <marc:subfield code="a">Berlin, 1933: Anna ist erst neun Jahre alt, als sich ihr Leben von Grund auf ändert: Um den Nazis zu entkommen, muss ihr Vater nach Zürich fliehen; seine Familie folgt ihm kurze Zeit später. Anna lässt alles zurück, auch ihr geliebtes rosa Stoffkaninchen, und muss sich in der Fremde einem neuen Leben voller Herausforderungen und Entbehrungen stellen. Eine berührende Geschichte über Zusammenhalt, Zuversicht und darüber, was es heißt, eine Familie zu sein einfühlsam inszeniert von Oscar-Preisträgerin Caroline Link.</marc:subfield>
   </marc:datafield>
   <marc:datafield ind1="3" ind2=" " tag="024">
      <marc:subfield code="a">5051890320551</marc:subfield>
   </marc:datafield>
   <marc:datafield ind1=" " ind2=" " tag="041">
      <marc:subfield code="a">ger</marc:subfield>
   </marc:datafield>
   <marc:datafield ind1=" " ind2=" " tag="300">
      <marc:subfield code="a">1 DVD</marc:subfield>
   </marc:datafield>
</marc:record>
